|
|
|
|
| LEADER |
01474nam a2200385 a 4500 |
| 001 |
000539339 |
| 003 |
CZ BrMZK |
| 005 |
20100922151124.0 |
| 007 |
ta |
| 008 |
000115s2000 xr e p cze d |
| 015 |
|
|
|a cnb000887180
|
| 020 |
|
|
|a 80-7078-819-4
|
| 035 |
|
|
|a (OCoLC)50343358
|
| 040 |
|
|
|a BOA001
|b cze
|
| 072 |
|
7 |
|a 339.5
|x Zahraniční obchod. Mezinárodní obchod
|2 Konspekt
|9 4
|
| 072 |
|
7 |
|a 37.016
|x Učební osnovy. Vyučovací předměty. Učebnice
|2 Konspekt
|9 22
|
| 080 |
|
|
|a 339.5
|2 MRF
|
| 080 |
|
|
|a 336.717
|2 MRF
|
| 080 |
|
|
|a (075.8)
|2 MRF
|
| 100 |
1 |
|
|a Kauerová, Lenka,
|d 1961-
|7 mzk2010598923
|
| 245 |
1 |
0 |
|a Platební a jistící nástroje v zahraničním obchodě /
|c Lenka Kauerová, Šárka Vilamová
|
| 250 |
|
|
|a 1. vyd.
|
| 260 |
|
|
|a Ostrava :
|b Vysoká škola báňská - Technická univerzita,
|c 2000
|
| 300 |
|
|
|a 78 s. ;
|c 30 cm
|
| 500 |
|
|
|a Určeno pro posluchače Fakulty ekonomické
|
| 500 |
|
|
|a Vyd. Katedra marketingu a obchodu
|
| 500 |
|
|
|a Bibliogr.
|
| 650 |
0 |
7 |
|a zahraniční obchod
|7 ph116729
|2 czenas
|
| 650 |
0 |
7 |
|a platební styk
|7 ph124108
|2 czenas
|
| 655 |
|
7 |
|a učebnice vysokých škol
|7 fd133772
|2 czenas
|
| 700 |
1 |
|
|a Vilamová, Šárka
|7 xx0019656
|
| 710 |
2 |
|
|a Vysoká škola báňská - Technická univerzita Ostrava.
|b Katedra marketingu a obchodu
|7 kn20010709151
|
| 910 |
|
|
|a BOA001
|b 4-1078.962
|
| 990 |
|
|
|a BK
|
| 996 |
6 |
|
|b 2610124510
|c 4-1078.962
|l MZK
|r Sklad / do 1 hodiny
|n 1
|p p.v.
|w 000539339
|u 000010
|a 1
|e BOA001
|j MZK50
|s P
|